| 000 | 00426nam a22001817a 4500 | ||
|---|---|---|---|
| 005 | 20231031162250.0 | ||
| 008 | 231031b |||||||| |||| 00| 0 eng d | ||
| 020 | _a978-93-92140-35-8 | ||
| 041 | _aeng | ||
| 082 | _a344.4 | ||
| 100 |
_aUPADHYAYA, DR. J.J..R _98214 |
||
| 245 | _aENVIRONMENTAL LAW | ||
| 250 | _a6TH, ED. 2023 | ||
| 260 |
_aPRAYAGRAJ _bCENTRAL LAW AGENCY |
||
| 300 | _a575;p | ||
| 650 | _aLAW | ||
| 942 | _cBK | ||
| 999 |
_c8431 _d8429 |
||